La tranca: Costa Rica pais libre de exploración y explotación petrolera (Registro nro. 210)
[ vista simple ]
| 000 -Cabecera | |
|---|---|
| Campo de control de longitud fija | 00721aam a2200253 4500 |
| 005 - Fecha y hora de la última transacción | |
| Campo de control | 20251216132721.0 |
| 008 - Elementos de longitud fija--Información general | |
| Campo de control de longitud fija | 150303b2003 xxu||||| |||| 00| 0 spa d |
| 020 ## - International Standard Book Number | |
| Número Internacional Estándar del Libro (ISBN) | 997766143X |
| 041 ## - Idioma | |
| Código de idioma | Español |
| 082 ## - Clasificación Decimal Dewey | |
| Número de clasificación | 363.738.2 S939t |
| 100 ## - Entrada principal--Autor personal | |
| Nombre personal | Suarez Toro, María |
| 9 (RLIN) | 15548 |
| 100 ## - Entrada principal--Autor personal | |
| Nombre personal | Zeledón Lizano, Cristina |
| 9 (RLIN) | 15549 |
| 245 ## - Título propiamente dicho | |
| Título | La tranca: Costa Rica pais libre de exploración y explotación petrolera |
| 260 ## - Pie de imprenta | |
| Lugar de publicación, distribución, etc. | Costa Rica |
| 260 ## - Pie de imprenta | |
| Nombre del editor, distribuidor, etc. | Tecnológica de Costa Rica |
| 260 ## - Pie de imprenta | |
| Fecha de publicación, distribución, etc. | 2003 |
| 300 ## - Descripción física | |
| Extensión | 236 páginas |
| 490 ## - Serie | |
| Título de la Serie | Turismo |
| 650 ## - Materia general | |
| Temática (materia general) | CONTAMINACIÓN PETROLERA |
| 650 ## - Materia general | |
| Temática (materia general) | LUCHA ANTIPETROLERA |
| 650 ## - Materia general | |
| Temática (materia general) | EXPLOTACIÓN PETROLERA |
| 650 ## - Materia general | |
| Temática (materia general) | EXPLORACIÓN PETROLERA |
| 942 ## - Punto de acceso adicional KOHA | |
| Tipo de ítem KOHA | Libro |
| Fuente del sistema de clasificación o colocación | Dewey Decimal Classification |
| Signatura completa | Código de barras | Programa Académico | Tipo de ítem |
|---|---|---|---|
| 363.738.2 S939t | 18532 | Turismo | Libro |
| 363.738.2 S939t | 749 | Turismo | Libro |
| 363.738.2 S939t | 15569 | Turismo | Libro |